Ethics, Politics and Justice in Dante (Record no. 93313)

MARC details
000 -LEADER
fixed length control field 01532nam a2200217Ii 4500
008 - FIXED-LENGTH DATA ELEMENTS--GENERAL INFORMATION
fixed length control field 221202s xx 000 0 und d
245 #0 - TITLE STATEMENT
Title Ethics, Politics and Justice in Dante
264 #1 - PRODUCTION, PUBLICATION, DISTRIBUTION, MANUFACTURE, AND COPYRIGHT NOTICE
Place of production, publication, distribution, manufacture London
Name of producer, publisher, distributor, manufacturer UCL Press
Date of production, publication, distribution, manufacture, or copyright notice 2019
300 ## - PHYSICAL DESCRIPTION
Extent 1 online resource (192 pages)
336 ## - CONTENT TYPE
Content type term text
Content type code txt
Source rdacontent
337 ## - MEDIA TYPE
Media type term computer
Media type code c
Source rdamedia
338 ## - CARRIER TYPE
Carrier type term online resource
Carrier type code cr
Source rdacarrier
520 ## - SUMMARY, ETC.
Summary, etc. Ethics, Politics and Justice in Dante presents new research by international scholars on the themes of ethics, politics and justice in the works of Dante Alighieri, including chapters on Dante's modern 'afterlife'. Together the chapters explore how Dante's writings engage with the contemporary culture of medieval Florence and Italy, and how and why his political and moral thought still speaks compellingly to modern readers. The collection's contributors range across different disciplines and scholarly traditions : history, philology, classical reception, philosophy, theology : to scrutinise Dante's Divine Comedy and his other works in Italian and Latin, offering a multi-faceted approach to the evolution of Dante's political, ethical and legal thought throughout his writing career.
653 ## - INDEX TERM--UNCONTROLLED
Uncontrolled term Comparative Literature
653 ## - INDEX TERM--UNCONTROLLED
Uncontrolled term Dante
653 ## - INDEX TERM--UNCONTROLLED
Uncontrolled term Literature
700 1# - ADDED ENTRY--PERSONAL NAME
Personal name Gaimari, Giulia
700 1# - ADDED ENTRY--PERSONAL NAME
Personal name Keen, Catherine
856 ## - ELECTRONIC LOCATION AND ACCESS
Uniform Resource Identifier <a href="https://docs.google.com/spreadsheets/d/1yKIrdCPDAG_9c22mwoOIO2DOhtj65Wqa/edit?usp=sharing&ouid=106555315294820607512&rtpof=true&sd=true ">https://docs.google.com/spreadsheets/d/1yKIrdCPDAG_9c22mwoOIO2DOhtj65Wqa/edit?usp=sharing&ouid=106555315294820607512&rtpof=true&sd=true </a>
Link text List of Curated E-Books
942 ## - ADDED ENTRY ELEMENTS (KOHA)
Koha item type E-Book

No items available.

University of Rizal System
Email us at univlibservices@urs.edu.ph

Visit our Website www.urs.edu.ph/library